| 000 | 00441nam a2200169Ia 4500 | ||
|---|---|---|---|
| 008 | 180424s9999 xx 000 0 und d | ||
| 084 | _a510.78 C220 | ||
| 100 | _a"Chowdhary, K R" | ||
| 245 | 0 | _aFundamentals of Discrete Mathematical Structures | |
| 250 | _a\\200800ENGGPCX | ||
| 260 | _aPrentice Hall of India | ||
| 260 | _b2008 | ||
| 260 | _cNew Delhi | ||
| 300 | _a274p. | ||
| 500 | _aincludes index and biblioraphy | ||
| 942 | _cBK | ||
| 999 |
_c99542 _d99542 |
||